Nâng cao khả năng diễn đạt và trình bày suy luận chứng minh hình học của học sinh trung học cơ sở thông qua tổ chức hoạt động trên bảng /
Đã lưu trong:
| Príomhúdar: | |
|---|---|
| Formáid: | Bài viết |
| Teanga: | Vietnamese |
| Ábhair: | |
| Clibeanna: |
Cuir Clib Leis
Gan Chlibeanna, Bí ar an gcéad duine leis an taifead seo a chlibeáil!
|
| Thư viện lưu trữ: | Thư viện Trường Đại học Đà Lạt |
|---|
| LEADER | 00943nam a2200277 4500 | ||
|---|---|---|---|
| 001 | DLU160175920 | ||
| 005 | ##20160518 | ||
| 040 | # | # | |a DLU |b vie |
| 041 | # | # | |a vie |
| 044 | # | # | |a vn |
| 100 | # | # | |a Nguyễn Lê Trường Sơn. |
| 245 | # | # | |a Nâng cao khả năng diễn đạt và trình bày suy luận chứng minh hình học của học sinh trung học cơ sở thông qua tổ chức hoạt động trên bảng / |c Nguyễn Lê Trường Sơn. |
| 653 | # | # | |a Học sinh trung học |
| 653 | # | # | |a Hoạt động |
| 653 | # | # | |a Nghiên cứu |
| 653 | # | # | |a Tác động |
| 773 | # | # | |t Tạp chí Khoa học giáo dục |g Số 54(88), (01) 2014, tr. 126-135 |
| 920 | # | # | |a Phòng Tạp chí -- Trung tâm Thông tin - Thư viện Trường Đại học Đà Lạt |
| 994 | # | # | |a DLU |
| 900 | # | # | |a True |
| 911 | # | # | |a Nguyễn Thị Mai Anh |
| 925 | # | # | |a G |
| 926 | # | # | |a A |
| 927 | # | # | |a BB |
| 980 | # | # | |a Thư viện Trường Đại học Đà Lạt |